|
|
|
|
| LEADER |
00924ncm a22002532a 4500 |
| 001 |
001101927 |
| 003 |
CZ BrMZK |
| 005 |
20111011142250.0 |
| 007 |
qu |
| 008 |
050314s1970 be |||||r|||||||| zxx d |
| 040 |
|
|
|a BOA001
|b cze
|
| 072 |
|
7 |
|a 785
|x Instrumentální hudba. Symfonická hudba. Hudba pro více nástrojů
|2 Konspekt
|9 9
|
| 100 |
1 |
|
|a Baker, David,
|d 1931-
|7 ola2003199561
|4 cmp
|
| 245 |
1 |
0 |
|a Weinfest am Rhein
|h [hudebnina] :
|b Marcia /
|c Dave Baker, Pol Stone. Mein Bass : Polka / Favere, Pol Stone
|
| 260 |
|
|
|a Schoten :
|b N. De Wolf,
|c [1970?]
|
| 300 |
|
|
|a 12 hlasů
|
| 500 |
|
|
|a Taneční orchestr
|
| 700 |
1 |
|
|a Stone, Pol,
|d 1917-1983
|7 mzk2010597942
|4 cmp
|
| 700 |
1 |
|
|a Favere, Gerard,
|d 1903-1975
|7 mzk2011663819
|4 cmp
|
| 740 |
0 |
2 |
|a Mein Bass
|
| 910 |
|
|
|a BOA001
|b Mus3-0702.094
|
| 990 |
|
|
|a MU
|
| 991 |
|
|
|b 201006
|
| 996 |
6 |
|
|b 2619456270
|c Mus3-0702.094
|l MZK
|r Sklad / do 1 hodiny
|n 0
|w 001128629
|u 000010
|a 1
|e BOA001
|j MZK50
|s P
|